00902cam a22002411 4500001001300000003000400013005001700017008004100034010001700075035001900092040006700111042001200178050001600190082000800206110005100214245010900265260005500374300002700429500005900456500008700515651003200602650002600634sd 43000030 DLC20260227112734.0790214s1941 uy f000 0 spa c asd 43000030  a(OCoLC)4654584 aUnited States. Dept. of State. LibrarycTxUdTxUdOCoLCdDLC apremarc00aF1418b.U76 a9701 aUruguay.bMinisterio de Relaciones Exteriores.10aSolidaridad americana;bconsulta sobre el caso de un estado americano en una guerra extracontinental ... aMontevideo,bImprenta "El Siglo Ilustrado,"c1941. a2 p. l., 40 p.c25 cm. aAt head of title: Ministerio de Relaciones Exteriores. a"Apartado del Boletín del Ministerio de Relaciones Exteriores, tomo XII, no. 2." 0aAmericaxForeign relations. 0aWorld War, 1939-1945.